[Event "Match 77__120'/40"]
[Site "Zürich"]
[Date "2024.??.??"]
[Round "19"]
[White "Super Forte C 6 MHz sel. 4"]
[Black "Mephisto Polgar sel. 5"]
[Result "1/2-1/2"]
[WhiteElo "2009"]
[BlackElo "1981"]
[Annotator "Utzinger,K"]
[PlyCount "220"]
[EventDate "2024.??.??"]
[SourceVersionDate "2024.04.21"]

{[%evp 0,220,18,23,20,20,27,0,35,6,26,-16,36,45,60,62,62,8,17,-1,5,16,19,-18,43,10,30,-5,-2,-9,18,-41,33,29,32,-24,-25,-51,-47,-54,-54,-54,-52,-54,-54,-105,-32,-104,-116,-139,-133,-148,-140,-139,-79,-120,-120,-128,-119,-134,-128,-138,-132,-133,-138,-138,-138,-138,-148,-187,-154,-160,-159,-191,-183,-185,-194,-214,-208,-207,-184,-219,-208,-218,-193,-207,-209,-210,-208,-208,-66,-68,-68,-220,-139,-208,-106,-116,-116,-116,-116,-136,-138,-138,-96,-136,-112,-814,-84,-136,-136,-138,-138,-141,-140,-141,-140,-140,-70,-82,-82,-129,-82,-94,-74,-139,-139,-139,-139,-160,-160,-165,-166,-162,-162,-205,-205,-205,-205,-212,-213,-212,-212,-223,-305,-355,-212,-338,-298,-374,-331,-414,-336,-507,-223,-507,-331,-336,-201,-298,-168,-170,-94,-95,-88,-92,-92,-92,-92,-92,-91,-91,-100,-102,-5,-5,-2,-2,-1,-1,-1,-2,0,0,0,0,0,-1,0,0,0,0,0,0,0,0,0,0,0,0,0,0,0,0,0,0,0,0,0,0,0,0,0,0,0,0,0,0,0,0,0,0,0]} 1. d4 d5 {Match 120'/40 | Bediener: Rolf Bühler | 19. Partie: Remis | Zwischenstand: 9,5-9,5 (50%) Gleichstand; hypothetisch: 9,5-9,5 (50%%) Gleichstand | Buchzüge total: Super Forte C = 212, Mephisto Polgar = 193 | Der Super Forte C behandelt die Slawische Verteidigung seines Gegners nicht optimal und findet sich nach nur 23 Zügen bereits in einem Endspiel mit einem Bauern weniger. Diesen materiellen Vorteil vermag der Mephisto Polgar bis ins Turmendspiel im 44. Zug zu retten. Dieses lehrreiche Turmendspiel zeigt erneut die eklatanten Schwächen unserer beiden Oldies in diesem Endspiel. Das dauernde Auf und Ab zwischen Schwarz gewinnt und Weiss macht Remis, bzw. Schwarz vergibt den Gewinn und Weiss verpasst das Remis, zieht sich erbarmungslos durch in diesem Endspiel. Am Ende hat Schwarz gar zwei Bauern mehr und kann das Turmendspiel trotzdem nicht gewinnen.} 2. Nf3 Nf6 3. c4 c6 4. Nc3 dxc4 5. a4 Bg4 6. Ne5 Bh5 {***ENDE BUCH***} 7. Nxc4 e6 8. Bg5 Bb4 9. f3 h6 10. Bh4 {***ENDE BUCH***} O-O 11. e3 Nbd7 12. Be2 c5 13. O-O cxd4 14. Qxd4 {Offenbar will Weiss keinen isolierten Bauern auf d4.} Bc5 15. Qd2 $11 {Die Stellung befindet sich im Gleichgewicht.} Rc8 {ungenau} (15... Nb6 16. Qxd8 Rfxd8 $11) 16. Rfd1 Nb6 17. Qxd8 ({Nur} 17. Nd6 {bietet Weiss die Chance, dank der gegnerischen Ungenauigkeit etwas Vorteil zu erlangen.} Rc6 18. Bxf6 Qxf6 19. Nce4 Qe7 20. Nxc5 Rxc5 21. e4 $14) 17... Rfxd8 18. Rxd8+ Rxd8 19. Bxf6 {Gibt freiwillig das Läuferpaar auf, stärkt das schwarze Zentrum, aber macht sich vor allem das Leben unnötig schwer, weil in vielen Varianten ein Bauernverlust nicht zu vermeiden ist.} gxf6 {Wegen der Schwäche des e3-Bauern geht nun ein weisser Bauer verloren.} 20. Ne4 (20. Kf2 Nxc4 21. Bxc4 Rd2+ 22. Ne2 Rxb2) (20. Nxb6 Bxe3+ 21. Kf1 Bxb6) 20... Nxc4 21. Nxc5 Nxe3 22. Nxb7 (22. Ra3 Nc2 23. Rc3 Nd4 24. Bf1 b6) 22... Rb8 {[#]} 23. Nc5 $2 {[%mdl 2] Praktisch ein Verlustzug.} (23. Ba6 Nd5 (23... Nc2 24. Rd1 Nb4 25. Nc5 Nxa6 26. Nxa6 Rxb2 27. Rd8+ Kg7 28. Rd7 $11) 24. Rd1 Nc7 25. Nc5 Nxa6 26. Nxa6 Rxb2 {In dieser Variante ist der Bauerngewinn nur vorübergehend.} 27. Rd8+ Kg7 28. Rd7 $11) 23... Rxb2 $19 {Mit seinem Mehrbauern hat Schwarz nun gute Gewinnchancen.} 24. Kf2 Nd5 25. Nd3 Rc2 26. Rc1 Rd2 $2 {Das stärkere 26...Ta2 lag doch auf der Hand.} (26... Ra2 27. Rc4 Nb6 28. Rb4 Bg6 29. Rb2 Ra3 30. Nf4 Rxa4 $19) 27. g3 $2 {Aber auch Weiss ist nicht auf der Höhe.} (27. Rc8+ Kg7 28. Ra8 $15 {erobert den Bauern zurück.}) 27... Bg6 ({Das gut aussehende} 27... Ra2 28. Rc8+ Kh7 29. Rc4 Kg7 30. Nc1 Ra3 $19 {ist gemäss einer Analyse von Stockfish 16.1 für Schwarz gewonnen: ST 56, Bewertung -+ 2.86, Erwartungswert für Weiss 0%.}) 28. Nc5 Kg7 29. a5 f5 30. Nd3 f4 {Möchte Schwarz dait die gegnerische Bauernstellung zerstören. Gleichzeitig ist auch der Sd3 doppelt angegriffen. Stärker war indessen 30...Ta2 usw.} 31. Nxf4 (31. Ne5 {verdient den Vorzug.}) 31... Nxf4 32. gxf4 Ra2 {Angesichts der Doppeldrohung ...Ld3 und ...Txa5 ist der weisse Bauer a5 nicht mehr zu retten.} 33. Ke3 Rxa5 $19 34. Rc8 Ra3+ 35. Kd2 {[#] Der schwarze Mehrbauer sowie die miserable Bauernstruktur von Weiss sind derart nachteilig, dass Schwarz nun eine gewonnene Stellung hat. Hinzu kommt noch, dass auch der Bauer f3 fallen wird.} a5 36. Ra8 Bh5 {Gibt dem f3-Bauer den Todesstoss.} 37. f5 exf5 {Schwarz nutzt seine Gewinnchance nicht optimal.} (37... Bxf3 {gewinnt leicht und sicher} 38. Ra7 (38. Bxf3 Rxf3 39. Rxa5 Rxf5 $19) 38... Ra2+ 39. Ke3 Bxe2 40. fxe6 Kf6 41. exf7 Kg7 $19) 38. Bd1 f4 39. h4 Kg6 40. Bc2+ Kf6 41. Ra6+ Kg7 42. Be4 Bxf3 43. Bxf3 Rxf3 44. Rxa5 $19 {Aber auch diese Stellung ist noch immer gewonnen für Schwarz.} {[#]} Rf2+ $2 $11 {[%mdl 32768] Aber das ist der falsche Weg und vergibt den Sieg.} (44... Rh3 {erzwingt die folgende Antwort} 45. h5 Kf6 {zwingt den weissen Turm auf der 5. Reihe auszuharren, ansonsten ...Kg5 nebst ...Kg4 folgt.} 46. Ke2 Re3+ 47. Kf2 Re5 {erobert noch den h5-Bauern, denn Turmtausch kommt nicht in Frage, weil das Bauernendspiel klar verloren wäre.} 48. Ra7 Rxh5 $19) 45. Kd3 {Nun gelangt der weisse König zum f-Bauern und der schwarze Gewinn ist weg.} f3 $11 46. Rf5 $2 $19 {[%mdl 2] Eine grausig schlechte Fortsetzung: Verlust statt Remis. Wie gesagt, musste der weisse König zum feindlichen f-Bauer.} Kg6 $2 $11 {[%mdl 32768] Umgehend revanchiert sich Schwarz: Remis statt Gewinn.} (46... Ra2 $1 47. Ke3 f2 48. h5 f6 49. Rf4 Kf7 50. Rxf2 (50. Rf5 Ke6 51. Rf4 f5 $19) 50... Rxf2 51. Kxf2 Ke6 $19 {und gewinnt}) 47. Rf4 $2 $19 {[%mdl 2] Hilflos taumeln die beiden Programme vom Remis zum Verlust oder vom Gewinn zum Remis. Selbstverständlich musste der weisse König sich dem schwarzen f-Bauern annähern.} (47. Ke4 $1 $11 Rf1 48. h5+ Kg7 49. Ke3 Ra1 50. Kxf3 $1 ({aber nicht} 50. Rxf3 $2 Ra3+ 51. Ke4 Rxf3 52. Kxf3 f5 53. Kg3 Kf6 54. Kf4 Ke6 55. Kf3 Ke5) 50... Rf1+ 51. Kg4 Rxf5 52. Kxf5 $11 {Dieses Bauernendspiel ist nicht zu gewinnen.}) 47... Rh2 $2 $11 {[%mdl 32768] Nur Remis statt Gewinn. Die Fehler in diesem Turmendspiel scheinen sich endlos zu wiederholen.} (47... Ra2 $1 $19 {gewinnt einfach} 48. h5+ (48. Rxf3 Ra3+ 49. Ke4 Rxf3 50. Kxf3 Kf5 $19) 48... Kg5 49. Rxf7 Kg4 50. Rg7+ Kh3 51. Ke3 f2 52. Rf7 Kg2 53. Rg7+ Kf1 54. Kd3 Re2 $19) 48. Ke3 $1 $11 f2 49. Rg4+ (49. Ke2 h5 50. Kf1 $11) 49... Kf6 50. Rf4+ Ke7 51. Re4+ Kd7 52. Rf4 Ke8 $11 53. Rxf2 $4 $19 {[%mdl 2] Die Katastrophe wiederholt sich: Vom Remis zum Verlust.} Rxh4 $11 {Selbst dieses Turmendspiel mit zwei Mehrbauern ist für Schwarz nicht zu gewinnen.} 54. Rb2 Ke7 55. Rb8 h5 56. Rh8 Kf6 57. Rf8 Rh3+ 58. Kf4 h4 59. Kg4 Rh1 60. Rh8 Kg7 61. Rh5 Rd1 62. Kf3 (62. Rxh4 $4 Rd4+ 63. Kg3 Rxh4 64. Kxh4 Kh6 $19 {und Schwarz gewinnt}) (62. Kxh4 $4 Rh1+ 63. Kg5 Rxh5+ 64. Kxh5 Kf6 $19 {und Schwarz gewinnt}) 62... Rd4 63. Kf2 Kg6 64. Rh8 Kg5 65. Rh7 f5 66. Rg7+ Kf4 67. Rh7 $2 {[%mdl 2] Seit 53...Txh4 hat der Super Forte C das Endspiel perfekt behandelt, stolpert nun aber wieder in eine verlorene Stellung.} (67. Kg2 $3 $11 {ist der einzige Zug, der Remis hält.}) 67... Rd2+ 68. Kg1 Rc2 69. Rh8 Kg3 70. Rg8+ Kf3 71. Rf8 f4 72. Rh8 Rd2 73. Rh7 Rb2 $6 {Ab hier verliert der Mephisto Polgar den Faden, ohne allerdings vorderhand den Gewinn aus den Fingern zu lassen.} (73... Rd1+ 74. Kh2 Kf2 75. Rxh4 f3 76. Rh8 Ke1 77. Re8+ Kf1 78. Kg3 f2 79. Rf8 Rd3+ 80. Kh2 Re3 81. Ra8 Ke2 82. Ra2+ Kf3 83. Ra1 Rd3 84. Kh3 Rd8 85. Ra3+ Ke2 86. Ra2+ Rd2 87. Ra1 f1=Q+) 74. Rh8 Rc2 75. Rh7 Rd2 76. Rh8 Ra2 77. Rh7 Kg3 78. Rg7+ Kh3 $2 $11 {[%mdl 32768] Vergibt den Gewinn.} (78... Kf3 $19) 79. Rf7 $2 $19 {[%mdl 2] Verlust statt Remis} (79. Rg8 $1 $11) 79... Ra4 $2 $11 {[%mdl 32768] Remis statt Gewinn} (79... Kg3 $1 80. Rg7+ Kf3 $19) 80. Kf2 $1 {Nun lässt der Super Forte C nichts mehr anbrennen und nutzt die ungünstige Stellung der schwarzen Figuren aus, um ein leichtes Remis zu erreichen.} Kg4 81. Rg7+ Kh5 82. Rh7+ Kg5 83. Rg7+ Kf5 84. Rf7+ Kg6 85. Rf8 Kg5 86. Rg8+ Kh5 87. Kf3 Rc4 88. Rh8+ Kg5 89. Rg8+ Kf6 90. Rh8 Rb4 91. Rxh4 Kg5 92. Rh8 Rb3+ 93. Kf2 Kf6 94. Rf8+ Ke5 95. Re8+ Kd4 96. Rf8 Ke4 97. Re8+ Kf5 98. Rf8+ Kg4 99. Rg8+ Kh5 100. Rf8 Rb4 101. Rg8 Rc4 102. Kf3 Ra4 103. Re8 Kg6 104. Kg4 Kf7 105. Re5 Kg7 106. Rf5 {Nun ist auch noch das Schicksal des Bauern besiegelt.} Kg6 107. Rg5+ Kf6 108. Rf5+ Kg6 109. Rg5+ Kf6 110. Rf5+ Kg6 {***REMIS 3x***} 1/2-1/2

[Event "Match 77__120'/40"]
[Site "Zürich"]
[Date "2024.??.??"]
[Round "20"]
[White "Mephisto Polgar sel. 5"]
[Black "Super Forte C 6 MHz sel. 4"]
[Result "0-1"]
[WhiteElo "1981"]
[BlackElo "2009"]
[Annotator "Utzinger,K"]
[PlyCount "189"]
[EventDate "2024.??.??"]
[SourceVersionDate "2024.04.21"]

{[%evp 0,189,19,18,44,4,18,14,10,10,-1,24,24,36,6,2,23,26,27,29,42,38,42,42,33,-18,-8,-8,18,-66,-56,-57,-53,-87,-57,-57,-57,-66,-66,-61,-72,-81,-50,-74,-51,-55,-53,-70,-33,-183,-43,-36,-3,-133,-69,-79,43,52,250,340,364,-224,-141,-167,-54,-54,104,104,60,0,0,0,0,0,0,0,0,-113,-113,-113,0,-62,-51,-62,-44,-62,-62,-62,-62,-62,-62,-62,-62,-62,0,0,0,0,0,0,0,0,0,0,0,0,0,0,0,0,0,0,0,0,0,-32,-32,-32,-49,-49,-49,-49,-49,-86,-53,-53,0,0,0,0,0,0,0,-69,-46,-96,-96,-96,-96,-96,-96,-96,-104,-102,-111,-170,-96,-239,-244,-297,-244,-244,-244,-244,-244,-244,-244,-244,-223,-247,-244,-291,-264,-297,-297,-300,-264,-297,-313,-305,-309,-305,-305,-1022,-29970,-29977,-29978,-29979,-29980,-29981,-29980,-29981,-29982,-29983,-29980,-29981,-29980,-29981,-29984,-29985,-29986,-29987]} 1. e4 c5 {Match 120'/40 | Bediener: Rolf Bühler | 20. Partie: Schwarz (Super Forte C) gewinnt | Zwischenstand: 10,0-9,5 (52,5%) für den Super Forte C; hypothetisch: 10,0-10,0 (50%) Gleichstand | Buchzüge total: Super Forte C = 223, Mephisto Polgar = 203 | Weiss gelingt es nicht, mit der Alapin Variante 2.c3 gegen die Sizilianische Verteidigung einen Vorteil zu ergattern. Aber auch Schwarz verdient bezüglich Eröffnungsbehandlung keinen Preis. Trotz allem entwickelt sich eine äusserst abwechslungsreiche Partie, die schliesslich in einem sehr schwierigen Doppelturm-Endspiel entschieden wird. Beide Programme sind in dieser Partie, vor allem aber auch im Endspiel, total überfordert. Die folgenden Bewertungen zu diversen Zügen bestätigen das fortwährende Auf und Ab in diesem offensichtlich für unsere Oldies zu komplexem Kampf: 24.Lc1? Weiss verliert / 28...Lxg2? Schwarz verliert / 30.Txa5? Ausgleich / 32...Dxf2+ Schwarz verliert / 34...Kg1? Ausgleich / 40.Tb4? Weiss verliert / 46...Tg4? Ausgleich / 47.a5? Weiss verliert / 50...Tf5? Ausgleich / 67.Kf2? Weiss verliert / 70...Tb5? Ausgleich / 73.Td5? Weiss verliert (letzter, entscheidender Fehler)} 2. c3 Nf6 3. e5 Nd5 4. d4 cxd4 5. cxd4 d6 6. Nf3 Nc6 7. Bc4 e6 8. O-O Be7 9. Qe2 O-O 10. Nc3 {***ENDE BUCH***} Nxc3 11. bxc3 dxe5 {***ENDE BUCH***} 12. Nxe5 {Weitaus üblicher ist das Schlagen mit dem Bauern.} (12. dxe5 Qc7 13. Bd3 Rd8 14. Qe4 g6 15. Bh6 b6 16. Rad1 Bb7 17. Qf4 Rd7 18. Be4 Rxd1 19. Rxd1 Rd8 20. Re1 f5 21. exf6 Qxf4 22. Bxf4 Bxf6 23. c4 Bc3 24. Rc1 Na5 25. Bxb7 Nxb7 26. h4 Bf6 27. Re1 Nc5 28. Bg5 Kg7 29. Bxf6+ Kxf6 30. g4 Rd3 31. Kg2 Ra3 32. Re2 Nd3 33. Kg3 Nb4 34. Re1 {½-½ (34) Christiansen,J (2590)-Moiseenko,A (2602) Tornelo INT 2022}) 12... Nxe5 13. dxe5 {Auch 13.Dxe5 war gut möglich.} Qa5 (13... Qc7 {ist besser, weil der Bauer b7 gedeckt bleibt.}) 14. Bd2 {Zu passiv, aber aus Sicht von Oldies OK, denn nach 14.Td1 wäre 14...Dxc3 fraglich bis gefährlich für Schwarz.} Rd8 15. Rfb1 Qc7 {Dieser Tempoverlust wäre nach 13...Dc7 nicht notwendig gewesen.} 16. Rb2 Bd7 17. Rab1 Rac8 18. Bd3 Bc6 $17 {Schwarz steht besser} 19. Bf4 Qa5 20. c4 Rd7 21. Bd2 Qd8 22. Rb3 {Deckt den Ld3 und droht etwas, das der Gegner übersieht.} Bc5 $6 {Das erlaubt Weiss den Ausgleich, weshalb 22...g6 anzuraten war.} 23. h3 $2 {Danach bleibt Schwarz im Vorteil.} (23. Bxh7+ {führt zum Remis} Kxh7 24. Qh5+ Kg8 25. Rh3 Bxf2+ {gleichwertige Alternativen sind} (25... f5 26. Qh8+ Kf7 27. Qh5+ $11) (25... f6 26. Qh8+ Kf7 27. Qh5+ $11) 26. Kxf2 Rxd2+ 27. Ke1 Kf8 28. Qh8+ Ke7 29. Qh4+ Kf8 30. Qh8+ {usw.}) 23... a5 {[#]} 24. Bc1 $2 {[%mdl 2] Verlustzug gemäss Stockfish 16.1} b6 $2 {[%mdl 8192] Dass der Super Forte C den Gewinn mit 24...La4 nicht erkennt, stellt eine grosse taktische Schwäche dar.} (24... Ba4 25. Rc3 Bb4 $19 {mit entscheidendem Materialgewinn}) 25. Bc2 Qh4 26. Rc3 Bd4 27. Ra3 b5 $2 $11 {So geht auch noch der letzte kleine Vorteil in die Binsen, der mit 27...Lc5 noch vorhanden wäre.} 28. cxb5 {[#]} Bxg2 $2 $19 {[%mdl 32770] Das ist auf den ersten Blick völlig unbegreiflich, was hier der Super Forte C sel. 4 zeigt und nun gar verlieren sollte. Dieser Missgriff riecht geradezu nach einem Programmfehler, was jedoch nicht der Fall ist. Sehen wir, wie es weitergeht:} 29. Kxg2 Rdc7 {Nun ist der Lc2 doppelt angegriffen: geht der weg, so holt sich Schwarz mit ...Txc1+ die Figur zurück. Und den Lc2 zu schützen mit Tb2, bringt auch nichts als Ärger ein nach ...Lxb2, Lxb2 Txc2 gefolgt von ...Txb2. Also alles im Butter für Schwarz? Nein, denn beide Gegner haben eine wichtige taktische Pointe übersehen, wie die folgenden Varianten zeigen.} 30. Rxa5 $2 {[%mdl 32768] Verpasst einen möglichen Gewinn.} (30. Rb2 $2 {Dass dies fehlerhaft ist, war sicher leicht zu berechnen.} Bxb2 31. Bxb2 Rxc2 $19 {und gewinnt}) (30. Bd3 {Und dass dies zum Ausgleich führt, liegt ebenfalls noch innerhalb des Berechnungshorizonts der beiden Oldies.} Rxc1 31. Rxc1 Rxc1 $11) (30. b6 $3 {Diesen überraschenden und gewinnbringenden Vorstoss hat der Super Forte C beim Start seiner Kombination 28...Lxg2? bestimmt übersehen, denn nach} Rxc2 {folgt} 31. b7 $1 Qxf2+ (31... h6 32. bxc8=Q+ Rxc8 33. Rg3 $18 {und gewinnt: Für seinen Turm hat Schwarz nur einen Bauern.}) (31... Rxe2 32. bxc8=Q+ Qd8 33. Qxd8# {Matt}) 32. Qxf2 Rxf2+ 33. Kg3 Rb8 34. Ra4 Ba7 35. Rxa5 $18) 30... Bxf2 {Stockfish 16.1 bevorzugt 30...g6 mit -1.59 bei ST 54 für Weiss.} ({Stockfish 16.1:} 30... g6 31. Be4 Rc3 32. Bf3 Rxc1 33. Rxc1 Qg5+ 34. Bg4 Rxc1 35. Ra4 Bb6 36. Qb2 Rc5 37. Qd4 Rxb5 38. Qf4 Rxe5 39. Qxg5 Rxg5 40. Rb4 Bc5 41. Rb8+ Kg7 42. Rb7 Kf6 43. Kf1 h5 44. Bf3 Rf5 45. Kg2 Bd4 46. Rc7 e5 47. Rc2 Kg5 48. Re2 Rf4 49. Re4 Rf6 50. h4+ Kh6 51. a4 Ra6 52. Bd1 f5 53. Re2 Rb6 54. Rd2 Rb1 55. Be2 Ra1 56. Bb5 g5 57. Bd7 Kg6 58. Be8+ Kf6 59. Bxh5 g4 60. Be8 Ra3 61. Rc2 f4 62. Rc6+ Ke7 63. Bh5 g3 64. fxg3 Rxg3+ 65. Kh2 Re3 66. Rc4 Ke6 67. Bg4+ Kd5 68. Rc7 Ke4 69. Rg7 Rg3 70. Rg5 Ra3 71. h5 Ra2+ 72. Kh3 f3 73. Rf5 f2 74. h6 Ra1 {[%eval -159,54] [%wdl 0,43,957]}) 31. Qxf2 Rxc2 32. Bd2 $11 {Ausgleich} Qxf2+ {[%mdl 2] Verlustzug statt 32...De4+ mit dynamischem Ausgleich.} (32... Qe4+ 33. Kh2 Rxd2 34. Qxd2 Qxb1 35. Qg2 Qf5 (35... Rc2 $4 36. Ra8+ Rc8 37. Rxc8#) 36. Ra8 Qxe5+ 37. Kh1 Qe1+ 38. Kh2 Qe5+ 39. Kh1 Qe1+ 40. Kh2 Qe5+ {Remis 3x}) 33. Kxf2 Rxd2+ 34. Kg1 $2 $11 {[%mdl 32768] Führt vom Gewinn zum Ausgleich.} (34. Ke3 $1 {gewinnt, z.B.} Rd5 35. Ra3 $1 {Nur so oder durch 35.Tb2 kann Weiss den lästigen Turmschachs des Gegners ausweichen.} Rxe5+ 36. Kf3 Rf5+ 37. Ke2 Rc2+ 38. Kd1 Rc8 39. Ke1 Re5+ 40. Kf1 Rf5+ 41. Kg1 Rg5+ 42. Kh1 Rb8 43. b6 Rd5 44. b7 Rdd8 45. Rc3 g5 46. a4 $18 {und Schwarz ist machtlos gegen den Vormarsch der weissen Freibauern.}) 34... h6 {Behebt die wichtige Schwäche der Grundlinie.} 35. a4 Rc3 {Genügt noch für den Ausgleich. Aber wirklich super einfach in solchen Stellungen ist die Verdoppelung der Türme auf der 2. Reihe, wonach der weisse König den dauernden Schachs der Türme nicht ausweichen kann.} (35... Rcc2 36. b6 Rg2+ 37. Kh1 Rh2+ 38. Kg1 Rhg2+ 39. Kf1 Rgf2+ $11 {usw.}) 36. h4 Rg3+ 37. Kf1 Rh3 38. Ra8+ Kh7 39. Kg1 Rhh2 $11 40. Rb4 $2 $19 {[%mdl 2] Nun ist es Weiss, der wieder in eine verlorene Stellung geraten könnte.} Rhg2+ 41. Kh1 Rge2 42. Rb1 {Das Matt auf d1 oder e1 muss abgewehrt werden.} Rh2+ 43. Kg1 Rdg2+ 44. Kf1 Ra2 45. Kg1 {Verhindert das Matt auf h1.} Rhg2+ {Der systematische Gewinnweg startet mit 45...Tag2+ usw. Der Textzug verlängert die Gewinnführung.} (45... Rag2+ 46. Kf1 Rg4 47. Re1 Rb4 48. Kg1 Rhxh4 49. Ra7 Rhg4+ 50. Kh1 (50. Kf1 h5 $19) 50... Rxa4 51. Rxf7 Rab4 52. Rb7 Rg5 53. Re2 Rh4+ 54. Rh2 Rxh2+ 55. Kxh2 Rxe5 $19) 46. Kh1 $19 Rg4 $2 {[%mdl 32768] Das vermasselt den Gewinn.} 47. a5 $2 {[%mdl 2] Verlustzug, denn in der jetzigen Situation sind die Bauern a4 und h4 nicht wichtig, und Weiss sollte seinen starken Freibauern auf der b-Linie sofort vorrücken.} (47. b6 Rxh4+ 48. Kg1 {und nun würde nach} Rhxa4 $2 {gar Weiss gewinnen mit} (48... Rhh2 $1 $11) 49. Rxa4 Rxa4 50. b7 $18) 47... Rxh4+ 48. Kg1 Rg4+ 49. Kf1 Rf4+ {Hier gewinnt 49...Tgg2 einfacher.} 50. Kg1 $19 Rf5 $2 $11 {[%mdl 32768] Vergibt den Gewinn, wobei das ein Oldie natürlich auch nach X Wochen an Bedenkzeit nicht erkennen kann.} (50... Rg4+ 51. Kh1 Rh4+ 52. Kg1 Rah2 $1 53. Rf1 Rb2 54. b6 (54. Rxf7 Rxb5 $19) 54... Rg4+ 55. Kh1 Ra4 56. Ra7 Raa2 57. Rc1 Rh2+ 58. Kg1 Rag2+ 59. Kf1 Rb2 60. Kg1 Rhg2+ 61. Kh1 Rgf2 62. Kg1 h5 63. b7 (63. Rac7 Rg2+ 64. Kh1 Rh2+ 65. Kg1 Rbg2+ 66. Kf1 Ra2 67. Kg1 Rhb2 68. R7c5 (68. Rxf7 Rxa5 $19) 68... g5 $19) 63... Rg2+ 64. Kh1 h4 65. Rc4 Rh2+ 66. Kg1 h3 67. Rh4+ Kg6 68. Rg4+ Kh5 69. Rxg7 Rhc2 70. Rh7+ Kg6 71. Rxf7 Rb1+ 72. Rf1 h2+ 73. Kh1 Rxf1#) 51. b6 Rg5+ 52. Kf1 Rf5+ 53. Kg1 Ra4 54. Rb2 Rg4+ 55. Rg2 Rb4 56. Rf2 Rg5+ 57. Kh1 Rh4+ 58. Rh2 Rhg4 59. Re2 Rh5+ 60. Rh2 Rxe5 $11 {[#] Schwarz hat zwar 2 Bauern mehr. Das fällt indessen deutlich weniger ins Gewicht, als die bereits weit vorgedrungenen Freibauern von Weiss. Deshalb befindet sich die Stellung im Gleichgewicht.} 61. Rg2 Rh4+ 62. Kg1 (62. Rh2 $4 {wäre ein schrecklicher Fehler wegen} Re1+ 63. Kg2 Re2+ 64. Kg3 Rhxh2 $19) 62... Rb4 63. Ra7 Rb1+ 64. Kf2 Rb2+ 65. Kg1 Rb3 $11 (65... Rxg2+ $2 {würde verlieren für Schwarz} 66. Kxg2 Rb5 67. b7 Rb2+ 68. Kf1 Rb1+ 69. Ke2 Rb2+ 70. Kd3 h5 71. a6 e5 72. Ra8 $18) 66. Rxf7 Rb1+ $1 {Schwarz ist sich bestimmt nicht bewusst, dass er hier ein tückisches Schach gbit, das dem Gegner nur eine einzige Verteidigung gestattet.} 67. Kf2 $2 {[%mdl 2] Verlustzug.} ({Einzig} 67. Rf1 $1 {ist richtig, denn nach} Rxf1+ 68. Kxf1 Rxa5 69. Rb2 $1 Ra8 {erzwungen} 70. b7 Rb8 {befindet sich der schwarze Turm in einer völlig passiven Rolle, so dass König und Turm von Weiss die gegnerischen Bauern im Griff haben. Und sollte der schwarze König nach c7 eilen, um den weissen Freibauern b7 zu beseitigen, richten der weisse König und Turm bei den schwarzen Bauern ein Blutbad an. Eine mögliche Fortsetzung sieht wie folgt aus:} 71. Rb6 g6 72. Kf2 Kg7 73. Kf3 Kf6 74. Ke4 h5 (74... Ke7 75. Kf4 Kd7 76. Kf3 Kc7 77. Rxe6 Rxb7 (77... Rg8 78. Re7+ $11) 78. Rxg6 Rb6 79. Rxb6 Kxb6 80. Kg4 $11) 75. Rb5 g5 76. Rb1 g4 77. Rb5 h4 78. Kf4 g3 79. Kf3 e5 80. Rb6+ Kf5 81. Rb5 $11) 67... Rb2+ 68. Kf3 Rxg2 $1 69. Kxg2 Rxa5 {Schwarz hat eine Gewinnstellung.} 70. Re7 $19 Rb5 $2 $11 {[%mdl 32768] Das vergibt den Sieg.} (70... e5 71. b7 Rb5 72. Kf3 Rb4 73. Rxe5 Rxb7 $19 {und gewinnt.}) 71. Rxe6 Rb3 72. Rd6 h5 {[#]} 73. Rd5 $2 {[%mdl 2] Ein unglücklicher Verlustzug, weil nun der Vormarsch des schwarzen Königs und seiner Bauern möglich wird. Weiss hätte die 6. Reihe mit dem Turm für den gegnerischen König weiterhin sperren sollen. Dann könnte Schwarz einzig mit g7-g6 seinen König für später via Kh6 usw. aktivieren. Das hätte dann aber Td7+ gefolgt von b6-b7 erlaubt mit einer theoretischen Remisposition.} (73. Rc6 g6 74. Rc7+ Kh6 75. b7 h4 76. Kf2 Kg5 77. Rc5+ Kf4 78. Rc4+ Kg5 {Stellt für Weiss das Remis sicher, denn Schwarz kann keine Fortschritte mehr machen.}) 73... Kh6 74. Rd6+ g6 75. Rf6 h4 76. b7 Rxb7 {Der Rest bedarf keiner Kommentare mehr.} 77. Rf8 Kg7 78. Re8 g5 79. Re3 Kf6 80. Kh3 Rb4 81. Rd3 Kf5 82. Rf3+ Rf4 83. Rc3 Ra4 84. Rc5+ Kf4 85. Rc3 Re4 86. Rd3 Re3+ 87. Rxe3 Kxe3 88. Kg4 Ke4 89. Kh3 Kf4 90. Kg2 g4 91. Kf2 Ke4 92. Kg1 Kf3 93. Kf1 g3 94. Ke1 g2 95. Kd2 {***AUFGEGEBEN***} 0-1